000
00202 a2200097 4500
001
11912
100
_a
Smith, A.D.
245
_a
Nationalist movements
260
_a
_b
Macmillan
_c
090
_c
9166
_d
9166
942
_a
NUST-CAE
_c
M
_c
36007
999
_c
246985
_d
246985